000 02948cam a22011894i 4500
003 PE-LiUPU
005 20250813185649.0
008 150616s r 000 0 d
035 _a(Sirsi) a937
040 _aPE-LiUPU
_bspa
_cPE-LiUPU
_erda
049 _aPRUA
082 0 4 _a372.66
_bF527t
_221
100 1 _aFirpo, Arturo Roberto,
_eautor.
245 1 3 _aEl teatro en la escuela Primaria /
_cArturo Roberto Firpo.
264 1 _aRosario :
_bEditorial Biblioteca,
_c1974.
300 _a61 páginas :
_bilustraciones, dibujos ;
_c20 centímetros.
336 _atext
_2rdacontent
337 _aunmediated
_2rdamedia
338 _avolume
_2rdacarrier
490 0 _a(Colección Praxis ;
_v18)
504 _aNota Bibliografica.
505 0 _aLa enseñanza del teatro en la escuela primaria -- El teatro y la psicología -- El teatro y el gabinete psicopedagógico -- Objetivos de la práctica del teatro -- Teatro en el aula, teatro fuera del aula -- El teatro en el aula -- El teatro fuera del aula -- El teatro y la institución escolar. Sugerencias para modificar los actos escolares.
526 _aP202
526 _aP201
526 _aP163
526 _aP162
526 _aP161
526 _aP160
526 _aP148
526 _aP147
526 _aP146
526 _aP145
526 _aP144
526 _aP143
526 _aP142
526 _aP141
526 _aP140
526 _aP139
526 _aP138
526 _aP137
526 _aP136
526 _aP135
526 _aP134
526 _aP133
526 _aP129
526 _aP128
526 _aP127
526 _aP120
526 _aP119
526 _aP118
526 _aP116
526 _aP115
526 _aP114
526 _aP110
526 _aP109
526 _aP108
526 _aP104
526 _aP103
526 _aP102
526 _aP99
526 _aP98
526 _aP97
526 _aP96
526 _aP95
526 _aP93
526 _aP90
526 _aP89
526 _aP88
526 _aP83
526 _aP82
526 _aP62
526 _aP59
526 _aP58
526 _aP57
526 _aP51
526 _aP49
526 _aP48
526 _aP47
526 _aP29
526 _aP24
526 _aP20
526 _aP19
526 _aP17
526 _aP15
526 _aP14
526 _aP12
526 _aP10
526 _aP09
526 _aP08
526 _aP07
526 _aP06
526 _aP05
526 _aP04
526 _aP01
650 0 4 _aTeatro en la educación.
650 0 0 _aTeatro infantil
_xMetodología
_91826
910 _ajck
942 _2ddc
_cBK
949 _a375.49 F56
_wDEWEY
_c1
_i15906
_lCCODEBUL1
_mBUL
_p00.00
_r0
_sY
_tBOOK
_u19780726
_xEDUCACION
_0COMPRA
_o.STAFF. Colección General
999 _c60814
_d60814
980 _81
_gALBERTO SANCHEZ Responsable de Automatización